Statistics for Cities of the Pearl River Delta

Click here to take the quiz!

General Stats

  • This quiz has been taken 4,401 times
  • The average score is 4 of 11

Answer Stats

Population City % Correct
7,061,200Hong Kong
94%
12,700,800Guangzhou
90%
544,600Macau
68%
10,357,938Shenzhen
67%
8,220,237Dongguan
23%
1,560,229Zhuhai
21%
7,194,311Foshan
20%
4,597,002Huizhou
18%
3,120,884Zhongshan
17%
4,448,871Jiangmen
16%
3,918,085Zhaoqing
14%

Score Distribution

Percentile by Number Answered

Percent of People with Each Score

Your Score History

You have not taken this quiz